| 000 | 00863nam a22002532 4500 | ||
|---|---|---|---|
| 001 | 0000023246 | ||
| 005 | 20151217152238.0 | ||
| 008 | 120911s xx 000 0 eng d | ||
| 020 | _a0073515418 : | ||
| 040 |
_aKABU _cKABU |
||
| 245 | 1 | 0 |
_aNursing / _cRoberta Pavy Ramont. |
| 250 | _a1st ed. | ||
| 260 |
_aDubuque : _bContemporary learning series, _c2006. |
||
| 300 | _axx, 187 p. | ||
| 650 | 0 |
_aNursing _vPeriodicals. _@0000171248 |
|
| 700 | 1 |
_aRamont, Roberta Pavy. _@0000182598 |
|
| 852 | 1 | _9p1,900 KES | |
| 852 | 1 | _9p1,900 KES | |
| 852 | 1 | _9p1,900 KES | |
| 852 | 1 | _9p1,900 KES | |
| 852 | 1 | _9p1,900 KES | |
| 908 | _a120911 | ||
| 950 | _@1 | ||
| 999 |
_c9759 _d9759 |
||